Abraham Lincoln's Image on US Postage stamps (Wm. Ainsworth Coll) 2009 (Record no. 3198)
[ view plain ]
| 000 -LEADER | |
|---|---|
| fixed length control field | 00346nam a22000977a 4500 |
| 008 - FIXED-LENGTH DATA ELEMENTS--GENERAL INFORMATION | |
| fixed length control field | 211101b ||||| |||| 00| 0 eng d |
| 100 ## - MAIN ENTRY--AUTHOR'S NAME | |
| Author's Name | Spink Shreves Galleries |
| 245 ## - TITLE STATEMENT | |
| Title | Abraham Lincoln's Image on US Postage stamps (Wm. Ainsworth Coll) 2009 |
| 260 ## - PUBLICATION, DISTRIBUTION, ETC. (IMPRINT) | |
| Place of publication, distribution, etc. | New York |
| Name of publisher, distributor, etc. | Spink Shreves Galeries |
| Date of publication, distribution, etc. | 2009 |
| 650 ## - TOPICAL TERM (Tag) | |
| Topical term or geographic name | Lincoln| United States Stamps| Ainsworth |
| Withdrawn status | Lost status | Source of classification or shelving scheme | Damaged status | Koha normalized classification for sorting | Not for loan | Permanent Location | Current Location | Shelving location | Date acquired | Total Checkouts | Full call number | Barcode | Date last seen | Copy number | Price effective from | Koha item type | Public note |
|---|---|---|---|---|---|---|---|---|---|---|---|---|---|---|---|---|---|
| G3701 T674 S7576 | Northern Philatelic Library | Northern Philatelic Library | Auction Catalogs | 11/01/2021 | G3701 T674 S7576 | 1005630 | 11/01/2021 | 1 | 11/01/2021 | Auction Catalogs | April 17, 2009 |